000 01749nam0a22003971 4500
001 v19\rc\1952773
005 20260407071512.0
035 _a(NLR Aleph) 005037479
090 _a6757221
_c6757221
100 _a20080428d1913 u y0rusy50 ca
101 0 _arus
102 _aRU
105 _ac b |||||
200 1 _aКнигохранилище Сергея Рудольфовича Минцлова
_e[Кат.]
_f[С.Р. Минцлов]
210 _aСанкт-Петербург
_cтип. Л.Я. Ганзбурга
_d1913
215 _a169, [2] с.
_cпортр.
_d27
300 _aАвт. указан в конце предисл.
300 _aНа цв. бумаге
316 _aЭкз. РНБ (18.338.2.47, 18.341.2.58): с автогр. авт.
_5NLR: 18.338.2.47, 18.341.2.58
320 _aБиблиогр.: "Перечень сочинений, статьи и заметки об общественной деятельности С.Р. Минцлова и других членов его семьи, статьи и заметки о библиотеке С.Р. Минцлова" (с. VII-XIV)
327 0 _aС. V-VII: Родословная
464 0 _12001#$aРодословная
_1215##$aС. V-VII
_tРодословная
700 1 _7ca
_8rus
_aМинцлов
_bС. Р.
_f1870-1933
_gСергей Рудольфович
_3RU\NLR\AUTH\770278983
_92650950
801 0 _aRU
_bNLR
_gpsbo
801 0 _aRU
_bRuMoRGB
_2psbo
801 1 _aRU
_bProSoft-M
_2rusmarc
852 _aNLR
_j18.338.2.47
852 _aNLR
_j18.341.2.58
852 _aNLR
_bМф
_jК1/30691
899 _aRuMoRGB
_jR 21/362
899 _aБАН
899 _aНБ СПбГУ
899 _aГПИБ
899 _aНБ МГУ
942 _cBOOK
980 _aNB